| 000 | 00599cam a2200205ua 4500 | ||
|---|---|---|---|
| 020 | _c50.00 | ||
| 041 |
_aeng _h |
||
| 082 |
_a028.72636 _bMON/MA |
||
| 100 | _aMonro, H A U . | ||
| 245 |
_aManual of fumigation for insect control / _cH A U Monro. _hTextual Documents |
||
| 250 |
_a2 / _b. |
||
| 260 |
_aNew Delhi : _bOxford & IBH Publishing company , _c1980. |
||
| 300 | _a381 ; . | ||
| 365 | _a50.00 | ||
| 440 | 0 |
_aFAO Plant Production and Protection Series, _v _x; |
|
| 490 | 0 |
_aFAO Plant Production and Protection Series, _v _x; |
|
| 504 | _a | ||
| 942 | _cBK | ||
| 999 |
_c5460 _d5460 |
||